000
00308nam a22001337a 4500
008
170309b xxu||||| |||| 00| 0 eng d
020
_a
9780321510976
041
_a
eng
080
_2
8TH
_a
611
100
_a
6
101
_a
SHM
245
_a
FUNDAMENTALS OF ANATOMY & PHYSIOLOGY
_c
MAGID, A.D
942
_2
udc
_c
BK
999
_c
7305
_d
7305